000 00939nam a22002297a 4500
003 OSt
005 20250905112226.0
008 231006b ||||| |||| 00| 0 eng d
040 _c0
082 _aDPer 647.95 J826 January-December 2020 v. 23 n. 1-6
100 _aAnnaraud, Katerina.
_eauthor.
_949541
245 _aPredicting satisfaction and intensions to use online food delivery :
_bwhat really makes a difference? /
_cKaterina Annaraud and Katerina Berezina.
260 _aUSA ;
_bTaylor & Francis Group ,
_cJuly-August 2020.
300 _aVolume 23, pages 305-323 :
_billustration ;
_c26 cm.
500 _aJournal of Food Service Business Research, vol. 23, no. 4, pages 305-323, July-August 2020.
650 _aFood service.
_949542
650 0 _a Food ordering.
_967120
650 0 _aFood quality.
_967121
700 _aAnnaraud, Katerina.
_eauthor.
_949541
700 _aBerezina, Katerina.
_eauthor.
_949543
942 _2ddc
_cPER
999 _c18322
_d18322